[Event "MSR_ch20"]
[Site "?"]
[Date "2024.04.10"]
[Round "7.11"]
[White "Rak, Martin"]
[Black "Oslej, Marek"]
[Result "1/2-1/2"]
[BlackElo "1806"]
[WhiteElo "2221"]
[LiveChessVersion "1.4.8"]

1. d4 {[%clk 1:30:28]} Nf6 {[%clk 1:30:58]} 2. c4 {[%clk 1:30:52]} e6
{[%clk 1:31:25]} 3. Nc3 {[%clk 1:31:15]} Bb4 {[%clk 1:31:48]} 4. a3
{[%clk 1:31:37]} Bxc3+ {[%clk 1:32:14]} 5. bxc3 {[%clk 1:32:02]} d5
{[%clk 1:32:11]} 6. cxd5 {[%clk 1:30:52]} exd5 {[%clk 1:32:30]} 7. e3
{[%clk 1:30:27]} Bf5 {[%clk 1:32:31]} 8. Qb3 {[%clk 1:29:33]} Qc8
{[%clk 1:31:04]} 9. Nf3 {[%clk 1:25:16]} h6 {[%clk 1:30:58]} 10. c4
{[%clk 1:24:52]} c6 {[%clk 1:30:19]} 11. Bd2 {[%clk 1:22:51]} Be6
{[%clk 1:19:37]} 12. Rb1 {[%clk 1:20:30]} b6 {[%clk 1:16:05]} 13. Ne5
{[%clk 1:18:38]} Nbd7 {[%clk 1:10:16]} 14. cxd5 {[%clk 1:15:13]} Bxd5
{[%clk 1:09:33]} 15. Nc4 {[%clk 1:14:13]} O-O {[%clk 1:06:08]} 16. Qb2
{[%clk 1:02:40]} Ne4 {[%clk 0:57:17]} 17. Bc1 {[%clk 0:50:40]} Qd8
{[%clk 0:47:00]} 18. Bd3 {[%clk 0:37:34]} Qg5 {[%clk 0:36:38]} 19. O-O
{[%clk 0:23:10]} Nec5 {[%clk 0:25:17]} 20. f4 {[%clk 0:22:51]} Nxd3
{[%clk 0:25:36]} 21. fxg5 {[%clk 0:23:14]} Nxb2 {[%clk 0:25:45]} 22. Nxb2
{[%clk 0:23:32]} hxg5 {[%clk 0:24:47]} 23. Na4 {[%clk 0:22:59]} Be4
{[%clk 0:20:53]} 24. Rb2 {[%clk 0:23:18]} f5 {[%clk 0:20:29]} 25. Bd2
{[%clk 0:23:02]} Nf6 {[%clk 0:19:25]} 26. Nc3 {[%clk 0:21:34]} Bd3
{[%clk 0:18:24]} 27. Rd1 {[%clk 0:20:58]} Ne4 {[%clk 0:18:06]} 28. Be1
{[%clk 0:20:51]} Bc4 {[%clk 0:15:43]} 29. Nxe4 {[%clk 0:19:53]} fxe4
{[%clk 0:16:10]} 30. Bb4 {[%clk 0:19:40]} Rf5 {[%clk 0:13:37]} 31. Rf2
{[%clk 0:19:25]} Rxf2 {[%clk 0:10:51]} 32. Kxf2 {[%clk 0:19:53]} Kf7
{[%clk 0:10:24]} 33. Rc1 {[%clk 0:19:41]} Bd5 {[%clk 0:10:45]} 34. Kg3
{[%clk 0:19:14]} Kg6 {[%clk 0:09:47]} 35. Rf1 {[%clk 0:18:13]} a5
{[%clk 0:07:44]} 36. Bd6 {[%clk 0:17:47]} b5 {[%clk 0:05:23]} 37. Bc5
{[%clk 0:14:24]} Rb8 {[%clk 0:04:22]} 38. Rb1 {[%clk 0:14:35]} Bc4
{[%clk 0:03:58]} 39. Rb2 {[%clk 0:13:57]} Rb7 {[%clk 0:03:22]} 40. Rb1
{[%clk 0:13:32]} Rb8 {[%clk 0:03:10]} 41. Rc1 {[%clk 0:12:35]} Bd5
{[%clk 0:03:02]} 42. Rb1 {[%clk 0:10:36]} Ra8 {[%clk 0:03:18]} 43. Kf2
{[%clk 0:08:45]} Kf5 {[%clk 0:02:12]} 44. Kg3 {[%clk 0:08:50]} Kg6
{[%clk 0:02:36]} 45. Kf2 {[%clk 0:08:25]} Rb8 {[%clk 0:02:21]} 46. Kg3
{[%clk 0:08:32]} Rb7 {[%clk 0:02:40]} 47. Bd6 {[%clk 0:07:34]} Bc4
{[%clk 0:02:39]} 48. Rc1 {[%clk 0:06:57]} Rf7 {[%clk 0:02:18]} 49. Bc5
{[%clk 0:06:16]} Rf1 {[%clk 0:02:09]} 50. Rxf1 {[%clk 0:06:30]} Bxf1
{[%clk 0:02:38]} 51. Kf2 {[%clk 0:05:40]} Bc4 {[%clk 0:02:27]} 52. Kg3
{[%clk 0:04:52]} Kh5 {[%clk 0:01:10]} 53. Bd6 {[%clk 0:04:24]} Kg6
{[%clk 0:00:52]} 54. Bc5 {[%clk 0:02:46]} Be6 {[%clk 0:01:06]} 55. Kf2
{[%clk 0:02:25]} Bf5 {[%clk 0:00:59]} 56. Ke2 {[%clk 0:01:56]} Kf7
{[%clk 0:00:56]} 57. Kd2 {[%clk 0:02:11]} Bg4 {[%clk 0:30:24]} 58. Kc3
{[%clk 0:29:10]} Be2 {[%clk 0:28:31]} 59. Bb6 {[%clk 0:29:25]} a4
{[%clk 0:28:54]} 60. Kb4 {[%clk 0:28:50]} Ke6 {[%clk 0:27:30]} 61. Bd8
{[%clk 0:27:55]} Bf1 {[%clk 0:26:45]} 62. Kc5 {[%clk 0:24:58]} Kd7
{[%clk 0:26:59]} 63. Bxg5 {[%clk 0:25:25]} Bxg2 {[%clk 0:27:16]} 64. d5
{[%clk 0:24:49]} cxd5 {[%clk 0:27:10]} 65. Kxb5 {[%clk 0:25:04]} Bf1+
{[%clk 0:26:39]} 66. Kxa4 {[%clk 0:25:25]} Kc6 {[%clk 0:26:43]} 67. Kb4
{[%clk 0:25:33]} Ba6 {[%clk 0:26:20]} 68. Kc3 {[%clk 0:25:42]} g6
{[%clk 0:21:05]} 69. Kd4 {[%clk 0:25:51]} Bc8 {[%clk 0:21:05]} 70. Be7
{[%clk 0:24:10]} Bg4 {[%clk 0:20:35]} 71. a4 {[%clk 0:23:14]} Bd1
{[%clk 0:19:59]} 72. a5 {[%clk 0:23:43]} Be2 {[%clk 0:20:25]} 73. h4
{[%clk 0:23:31]} Bf3 {[%clk 0:18:44]} 74. Bb4 {[%clk 0:21:57]} Be2
{[%clk 0:18:49]} 75. Ke5 {[%clk 0:21:58]} Bf3 {[%clk 0:17:47]} 76. Bc3
{[%clk 0:21:18]} Be2 {[%clk 0:17:23]} 77. Bd4 {[%clk 0:21:07]} Kb5
{[%clk 0:16:14]} 78. Bb6 {[%clk 0:21:11]} Kc6 {[%clk 0:16:00]} 79. Kf6
{[%clk 0:20:45]} Bh5 {[%clk 0:16:20]} 80. Bd8 {[%clk 0:19:37]} Kb7
{[%clk 0:13:27]} 81. Ke6 {[%clk 0:19:45]} Ka6 {[%clk 0:07:56]} 82. Kd6
{[%clk 0:19:05]} Bg4 {[%clk 0:07:13]} 83. Kc5 {[%clk 0:19:29]} Be6
{[%clk 0:06:54]} 84. Bb6 {[%clk 0:19:45]} Bg4 {[%clk 0:06:08]} 85. Kd4
{[%clk 0:20:12]} Be6 {[%clk 0:05:33]} 86. Ke5 {[%clk 0:20:16]} Bg4
{[%clk 0:05:42]} 87. Kf4 {[%clk 0:20:27]} Bf3 {[%clk 0:05:28]} 88. Bd8
{[%clk 0:20:45]} Kb7 {[%clk 0:05:06]} 89. Ke5 {[%clk 0:21:11]} Bg4
{[%clk 0:04:33]} 90. Kxd5 {[%clk 0:21:39]} Bf3 {[%clk 0:04:37]} 91. Ke5
{[%clk 0:21:55]} Ka6 {[%clk 0:04:41]} 92. Kf6 {[%clk 0:22:23]} Bh5
{[%clk 0:04:59]} 93. Ke5 {[%clk 0:22:51]} Bf3 {[%clk 0:05:09]} 94. Kf6
{[%clk 0:23:02]} Bh5 {[%clk 0:05:36]} 95. Ke5 {[%clk 0:23:23]} Bf3
{[%clk 0:05:53]} 96. Kf6 {[%clk 0:23:48]} Bh5 {[%clk 0:05:58]} 97. Ke5
{[%clk 0:23:58]} Bf3 {[%clk 0:06:16]} 98. Kxe4 1/2-1/2

[Event "MSR_ch20"]
[Site "?"]
[Date "2024.04.10"]
[Round "7.12"]
[White "Bucor, Mark"]
[Black "Straka, Simon"]
[Result "0-1"]
[BlackElo "2025"]
[WhiteElo "1884"]
[LiveChessVersion "1.4.8"]

1. Nf3 {[%clk 1:30:32]} Nf6 {[%clk 1:30:08]} 2. b3 {[%clk 1:30:52]} d5
{[%clk 1:30:20]} 3. Bb2 {[%clk 1:31:03]} Bf5 {[%clk 1:30:32]} 4. g3
{[%clk 1:29:30]} c5 {[%clk 1:26:38]} 5. Bg2 {[%clk 1:29:05]} Nc6 {[%clk 1:26:50]}
6. e3 {[%clk 1:29:12]} e6 {[%clk 1:19:07]} 7. O-O {[%clk 1:27:27]} Be7
{[%clk 1:17:55]} 8. d3 {[%clk 1:15:42]} O-O {[%clk 1:17:46]} 9. Nbd2
{[%clk 1:15:54]} Qc7 {[%clk 0:59:48]} 10. Qe2 {[%clk 1:03:54]} Bg6
{[%clk 0:47:54]} 11. Rad1 {[%clk 0:48:05]} b5 {[%clk 0:36:07]} 12. e4
{[%clk 0:44:56]} a5 {[%clk 0:25:00]} 13. exd5 {[%clk 0:40:22]} exd5
{[%clk 0:24:40]} 14. Ne5 {[%clk 0:38:30]} Rfe8 {[%clk 0:18:53]} 15. Nxg6
{[%clk 0:25:31]} hxg6 {[%clk 0:19:13]} 16. Nf3 {[%clk 0:23:33]} a4
{[%clk 0:17:11]} 17. Rfe1 {[%clk 0:19:35]} axb3 {[%clk 0:14:49]} 18. axb3
{[%clk 0:19:51]} c4 {[%clk 0:10:39]} 19. Qd2 {[%clk 0:14:57]} Rad8
{[%clk 0:05:09]} 20. Bxf6 {[%clk 0:05:28]} Bxf6 {[%clk 0:04:45]} 21. Rxe8+
{[%clk 0:05:47]} Rxe8 {[%clk 0:05:11]} 22. bxc4 {[%clk 0:06:03]} dxc4
{[%clk 0:04:42]} 23. dxc4 {[%clk 0:06:14]} bxc4 {[%clk 0:04:36]} 24. Qd6
{[%clk 0:04:05]} Qxd6 {[%clk 0:03:53]} 25. Rxd6 {[%clk 0:04:27]} Nb4
{[%clk 0:04:00]} 26. Nd4 {[%clk 0:01:46]} Re1+ {[%clk 0:03:46]} 27. Bf1
{[%clk 0:02:09]} Rc1 {[%clk 0:03:04]} 28. Kg2 {[%clk 0:01:52]} Nxc2
{[%clk 0:02:08]} 29. Nxc2 {[%clk 0:01:19]} Rxc2 {[%clk 0:02:33]} 30. Rc6
{[%clk 0:01:33]} c3 {[%clk 0:02:40]} 31. Bd3 {[%clk 0:01:07]} Rd2
{[%clk 0:02:28]} 32. Rc8+ {[%clk 0:01:16]} Kh7 {[%clk 0:02:51]} 33. Be4
{[%clk 0:01:26]} Bd4 {[%clk 0:02:52]} 34. Rc4 {[%clk 0:01:15]} Rxf2+
{[%clk 0:02:27]} 35. Kh3 {[%clk 0:01:30]} Be5 {[%clk 0:01:05]} 36. Rc5
{[%clk 0:01:17]} f6 {[%clk 0:01:11]} 37. Rc8 {[%clk 0:01:21]} f5 {[%clk 0:01:10]}
38. Bd3 {[%clk 0:01:24]} g5 {[%clk 0:01:00]} 39. Rc4 {[%clk 0:00:42]} Kh6
{[%clk 0:00:44]} 40. Rc6+ {[%clk 0:00:38]} g6 {[%clk 0:00:50]} 41. Bxf5
{[%clk 0:00:32]} Rxf5 {[%clk 0:00:57]} 0-1

[Event "MSR_ch20"]
[Site "?"]
[Date "2024.04.10"]
[Round "7.13"]
[White "Jurky, Marian"]
[Black "Koska, Jiri"]
[Result "1/2-1/2"]
[BlackElo "2024"]
[WhiteElo "1874"]
[LiveChessVersion "1.4.8"]

1. e4 {[%clk 1:30:30]} e6 {[%clk 1:30:56]} 2. Nf3 {[%clk 1:30:53]} d5
{[%clk 1:31:15]} 3. Nc3 {[%clk 1:31:14]} Nf6 {[%clk 1:28:03]} 4. e5
{[%clk 1:30:55]} Nfd7 {[%clk 1:28:12]} 5. d4 {[%clk 1:31:08]} c5 {[%clk 1:28:37]}
6. Bg5 {[%clk 1:31:12]} Qb6 {[%clk 1:27:23]} 7. dxc5 {[%clk 1:31:34]} Bxc5
{[%clk 1:18:02]} 8. Qd2 {[%clk 1:31:32]} Nc6 {[%clk 1:16:14]} 9. Na4
{[%clk 1:29:51]} Qb4 {[%clk 1:15:12]} 10. Nxc5 {[%clk 1:29:03]} Qxd2+
{[%clk 1:15:26]} 11. Bxd2 {[%clk 1:24:39]} Nxc5 {[%clk 1:15:47]} 12. Be3
{[%clk 1:18:40]} Nd7 {[%clk 1:14:47]} 13. Bf4 {[%clk 1:05:48]} f6
{[%clk 1:09:58]} 14. Bb5 {[%clk 1:05:19]} a6 {[%clk 1:08:35]} 15. Bxc6
{[%clk 1:05:36]} bxc6 {[%clk 1:09:01]} 16. O-O {[%clk 1:00:21]} Kf7
{[%clk 1:02:54]} 17. Rfe1 {[%clk 0:46:06]} Bb7 {[%clk 0:56:43]} 18. c4
{[%clk 0:37:51]} Nc5 {[%clk 0:47:59]} 19. Rad1 {[%clk 0:14:38]} a5
{[%clk 0:38:49]} 20. cxd5 {[%clk 0:12:42]} cxd5 {[%clk 0:38:58]} 21. Nd4
{[%clk 0:12:12]} Ba6 {[%clk 0:38:58]} 22. Re3 {[%clk 0:10:07]} Rhc8
{[%clk 0:36:49]} 23. f3 {[%clk 0:06:26]} a4 {[%clk 0:34:15]} 24. exf6
{[%clk 0:05:02]} gxf6 {[%clk 0:34:44]} 25. Bd6 {[%clk 0:04:38]} e5
{[%clk 0:34:50]} 26. Nf5 {[%clk 0:01:52]} d4 {[%clk 0:34:34]} 27. Nxd4
{[%clk 0:01:43]} exd4 {[%clk 0:34:46]} 28. Re7+ {[%clk 0:02:08]} Kg6
{[%clk 0:11:42]} 29. Rxd4 {[%clk 0:02:28]} h5 {[%clk 0:12:07]} 30. Bxc5
{[%clk 0:02:02]} Rxc5 {[%clk 0:12:36]} 31. Rxa4 {[%clk 0:02:17]} Rc2
{[%clk 0:01:42]} 32. Re6 {[%clk 0:02:10]} Rd8 {[%clk 0:01:52]} 33. Re1
{[%clk 0:01:54]} Bb7 {[%clk 0:01:23]} 34. Rb4 {[%clk 0:01:54]} Bc6
{[%clk 0:01:46]} 35. Rb3 {[%clk 0:00:58]} Rdd2 {[%clk 0:02:09]} 36. Kh1
{[%clk 0:00:48]} Bd5 {[%clk 0:02:05]} 37. Ra3 {[%clk 0:00:58]} Rxb2
{[%clk 0:02:25]} 38. Rg1 {[%clk 0:01:07]} h4 {[%clk 0:02:28]} 39. h3
{[%clk 0:01:34]} Be6 {[%clk 0:02:18]} 40. Kh2 {[%clk 0:01:17]} Rf2
{[%clk 0:02:26]} 41. Ra4 {[%clk 0:01:02]} Kg5 {[%clk 0:00:38]} 42. Kh1
{[%clk 0:23:11]} f5 {[%clk 0:23:48]} 43. Rd4 {[%clk 0:17:34]} Rxa2
{[%clk 0:22:24]} 44. Rd6 {[%clk 0:16:56]} Bc4 {[%clk 0:21:48]} 45. Rdd1
{[%clk 0:15:45]} Be2 {[%clk 0:19:16]} 46. Rb1 {[%clk 0:14:31]} Kf6
{[%clk 0:19:18]} 47. Rb3 {[%clk 0:11:44]} Bf1 {[%clk 0:19:08]} 48. f4
{[%clk 0:11:35]} Bxg2+ {[%clk 0:18:40]} 49. Rxg2 {[%clk 0:11:56]} Rxg2
{[%clk 0:19:05]} 50. Rb6+ {[%clk 0:12:22]} Kg7 {[%clk 0:19:11]} 51. Rb7+
{[%clk 0:12:33]} Kh6 {[%clk 0:19:10]} 52. Rh7+ {[%clk 0:12:59]} Kg6
{[%clk 0:17:19]} 53. Rh6+ {[%clk 0:13:06]} Kf7 {[%clk 0:17:22]} 54. Rf6+
{[%clk 0:13:22]} Ke7 {[%clk 0:17:48]} 55. Re6+ {[%clk 0:13:43]} Kd7
{[%clk 0:15:34]} 56. Rd6+ {[%clk 0:14:08]} Kc8 {[%clk 0:14:59]} 57. Rc6+
{[%clk 0:13:53]} Kb7 {[%clk 0:15:17]} 58. Rb6+ {[%clk 0:14:17]} Ka7
{[%clk 0:14:11]} 59. Rb7+ {[%clk 0:14:39]} Ka6 {[%clk 0:14:12]} 60. Rb6+
{[%clk 0:15:02]} Kxb6 {[%clk 0:14:34]} 1/2-1/2

[Event "MSR_ch20"]
[Site "?"]
[Date "2024.04.10"]
[Round "7.14"]
[White "Babjak, Samuel"]
[Black "Kulich, Daniel"]
[Result "1-0"]
[BlackElo "1941"]
[WhiteElo "1870"]
[LiveChessVersion "1.4.8"]

1. d4 {[%clk 1:30:57]} d5 {[%clk 1:29:32]} 2. c4 {[%clk 1:30:58]} e6 3. Nc3
{[%clk 1:31:13]} Nf6 {[%clk 1:30:20]} 4. Bg5 {[%clk 1:31:22]} Be7
{[%clk 1:30:16]} 5. Nf3 {[%clk 1:31:31]} O-O {[%clk 1:30:36]} 6. e3
{[%clk 1:31:55]} h6 {[%clk 1:31:03]} 7. Bh4 {[%clk 1:32:18]} b6 {[%clk 1:31:27]}
8. Rc1 {[%clk 1:31:14]} Bb7 {[%clk 1:31:41]} 9. cxd5 {[%clk 1:31:08]} Nxd5
{[%clk 1:32:03]} 10. Bg3 {[%clk 1:27:16]} c5 {[%clk 1:26:14]} 11. Bd3
{[%clk 1:21:25]} Nd7 {[%clk 1:17:42]} 12. O-O {[%clk 1:19:02]} N7f6
{[%clk 1:12:42]} 13. a3 {[%clk 1:16:03]} cxd4 {[%clk 1:06:14]} 14. Nxd4
{[%clk 1:09:04]} Rc8 {[%clk 1:04:48]} 15. Ncb5 {[%clk 0:56:14]} Rxc1
{[%clk 0:57:57]} 16. Qxc1 {[%clk 0:56:36]} a6 {[%clk 0:58:14]} 17. Na7
{[%clk 0:40:41]} Qa8 {[%clk 0:48:55]} 18. Nac6 {[%clk 0:40:43]} Rc8
{[%clk 0:48:51]} 19. Nxe7+ {[%clk 0:40:33]} Nxe7 {[%clk 0:49:14]} 20. Qd2
{[%clk 0:40:21]} Bxg2 {[%clk 0:49:18]} 21. Rd1 {[%clk 0:37:34]} Bh3
{[%clk 0:44:41]} 22. f3 {[%clk 0:37:23]} a5 {[%clk 0:31:35]} 23. e4
{[%clk 0:30:42]} Nh5 {[%clk 0:23:56]} 24. Kh1 {[%clk 0:24:05]} Nxg3+
{[%clk 0:21:29]} 25. hxg3 {[%clk 0:24:28]} e5 {[%clk 0:21:38]} 26. Nb5
{[%clk 0:22:27]} Be6 {[%clk 0:18:19]} 27. Rc1 {[%clk 0:19:10]} Rxc1+
{[%clk 0:17:49]} 28. Qxc1 {[%clk 0:19:32]} Qc6 {[%clk 0:17:21]} 29. Qe3
{[%clk 0:18:03]} Nc8 {[%clk 0:16:10]} 30. Nc3 {[%clk 0:17:38]} Nd6
{[%clk 0:15:34]} 31. Qe2 {[%clk 0:14:24]} Bc4 {[%clk 0:14:02]} 32. Kg2
{[%clk 0:13:37]} Qc5 {[%clk 0:12:35]} 33. Bxc4 {[%clk 0:12:42]} Nxc4
{[%clk 0:12:55]} 34. Nd5 {[%clk 0:12:49]} b5 {[%clk 0:09:11]} 35. Kh3
{[%clk 0:10:12]} Qg1 {[%clk 0:08:36]} 36. Qd3 {[%clk 0:08:21]} Qh1+
{[%clk 0:06:49]} 37. Kg4 {[%clk 0:08:42]} Kh7 {[%clk 0:01:43]} 38. f4
{[%clk 0:04:53]} h5+ {[%clk 0:01:03]} 39. Kg5 {[%clk 0:04:57]} f6+
{[%clk 0:00:32]} 40. Nxf6+ {[%clk 0:05:14]} gxf6+ {[%clk 0:00:57]} 41. Kxf6
{[%clk 0:05:32]} Nb6 {[%clk 0:00:39]} 42. Qd8 {[%clk 0:04:46]} 1-0

[Event "MSR_ch20"]
[Site "?"]
[Date "2024.04.10"]
[Round "7.16"]
[White "Sustek, Adam"]
[Black "Piroska, Samuel"]
[Result "1/2-1/2"]
[BlackElo "1667"]
[WhiteElo "1910"]
[LiveChessVersion "1.4.8"]

1. e4 {[%clk 1:30:57]} c6 {[%clk 1:28:43]} 2. c4 {[%clk 1:30:10]} e6
{[%clk 1:29:03]} 3. d4 {[%clk 1:29:55]} d5 {[%clk 1:29:27]} 4. Nc3
{[%clk 1:29:41]} Ne7 {[%clk 1:26:34]} 5. Nf3 {[%clk 1:16:18]} h6 {[%clk 1:26:15]}
6. Bd3 {[%clk 1:14:09]} dxc4 {[%clk 1:24:36]} 7. Bxc4 {[%clk 1:12:59]} b5
{[%clk 1:24:45]} 8. Be2 {[%clk 1:05:47]} Bb7 {[%clk 1:24:51]} 9. Be3
{[%clk 0:58:33]} Ng6 {[%clk 1:24:25]} 10. a3 {[%clk 0:56:03]} Be7
{[%clk 1:23:32]} 11. O-O {[%clk 0:54:09]} O-O {[%clk 1:23:18]} 12. Rc1
{[%clk 0:49:50]} Nd7 {[%clk 1:23:32]} 13. d5 {[%clk 0:42:05]} cxd5
{[%clk 1:19:53]} 14. exd5 {[%clk 0:42:17]} exd5 {[%clk 1:20:17]} 15. Nxd5
{[%clk 0:42:26]} a6 {[%clk 1:20:28]} 16. Nxe7+ {[%clk 0:39:58]} Nxe7
{[%clk 1:16:27]} 17. Qb3 {[%clk 0:33:11]} Bd5 {[%clk 1:15:20]} 18. Qb4
{[%clk 0:32:20]} Nc6 {[%clk 1:14:07]} 19. Qd6 {[%clk 0:31:44]} Nde5
{[%clk 1:11:21]} 20. Qxd8 {[%clk 0:28:41]} Rfxd8 {[%clk 1:10:30]} 21. Nxe5
{[%clk 0:19:54]} Nxe5 {[%clk 1:10:49]} 22. Bb6 {[%clk 0:20:07]} Rd6
{[%clk 1:08:04]} 23. Bc5 {[%clk 0:18:40]} 1/2-1/2

[Event "MSR_ch20"]
[Site "?"]
[Date "2024.04.10"]
[Round "7.17"]
[White "Turis, Ondrej"]
[Black "Duda, Daniel"]
[Result "1-0"]
[BlackElo "1654"]
[WhiteElo "1866"]
[LiveChessVersion "1.4.8"]

1. e4 {[%clk 1:30:52]} c5 {[%clk 1:30:37]} 2. c3 {[%clk 1:31:18]} e6
{[%clk 1:30:32]} 3. d4 {[%clk 1:31:41]} d5 {[%clk 1:30:59]} 4. exd5
{[%clk 1:32:02]} Qxd5 {[%clk 1:30:00]} 5. Nf3 {[%clk 1:32:22]} b6
{[%clk 1:26:25]} 6. Na3 {[%clk 1:26:41]} a6 {[%clk 1:20:04]} 7. Bc4
{[%clk 1:24:27]} Qe4+ {[%clk 1:17:39]} 8. Be3 {[%clk 1:18:46]} cxd4
{[%clk 1:15:26]} 9. Bd3 {[%clk 1:18:52]} Qg4 {[%clk 0:59:27]} 10. Bxd4
{[%clk 1:19:09]} Bb7 {[%clk 0:57:01]} 11. Be2 {[%clk 1:07:08]} Nd7
{[%clk 0:45:50]} 12. Nc4 {[%clk 1:01:14]} Be7 {[%clk 0:33:16]} 13. Ne3
{[%clk 0:58:07]} Qg6 {[%clk 0:30:00]} 14. Bd3 {[%clk 0:53:25]} f5
{[%clk 0:27:30]} 15. Qe2 {[%clk 0:24:54]} Bf6 {[%clk 0:23:54]} 16. Nxf5
{[%clk 0:15:26]} Kf8 {[%clk 0:13:46]} 17. Ng3 {[%clk 0:11:38]} Qf7
{[%clk 0:09:15]} 18. O-O {[%clk 0:11:34]} e5 {[%clk 0:04:25]} 19. Be3
{[%clk 0:09:23]} h5 {[%clk 0:03:08]} 20. Be4 {[%clk 0:08:56]} Bxe4
{[%clk 0:02:53]} 21. Nxe4 {[%clk 0:09:21]} Qg6 {[%clk 0:02:02]} 22. Neg5
{[%clk 0:08:05]} h4 {[%clk 0:01:51]} 23. h3 {[%clk 0:06:04]} Re8 {[%clk 0:00:56]}
24. Rad1 {[%clk 0:04:51]} Nb8 {[%clk 0:00:40]} 25. Qd2 {[%clk 0:03:12]} e4
{[%clk 0:00:44]} 26. Qd6+ {[%clk 0:02:25]} Ne7 {[%clk 0:01:10]} 27. Ne6+
{[%clk 0:02:31]} Kg8 {[%clk 0:00:45]} 28. Nh2 {[%clk 0:02:30]} Nf5
{[%clk 0:00:57]} 29. Qd5 {[%clk 0:02:17]} Nxe3 30. fxe3 {[%clk 0:02:01]} Qg3
{[%clk 0:00:39]} 31. Ng4 {[%clk 0:01:48]} Kh7 {[%clk 0:00:59]} 32. Qh5+
{[%clk 0:02:08]} Kg8 {[%clk 0:01:26]} 33. Qxe8+ {[%clk 0:02:16]} Kh7
{[%clk 0:01:01]} 1-0

[Event "MSR_ch20"]
[Site "?"]
[Date "2024.04.10"]
[Round "7.18"]
[White "Svorad, Tomas"]
[Black "Richnak, Michal"]
[Result "1-0"]
[BlackElo "1626"]
[WhiteElo "1746"]
[LiveChessVersion "1.4.8"]

1. e4 {[%clk 1:30:24]} e5 {[%clk 1:30:47]} 2. Nf3 {[%clk 1:30:16]} Nf6
{[%clk 1:30:19]} 3. Nxe5 {[%clk 1:30:19]} Qe7 {[%clk 1:30:25]} 4. d4
{[%clk 1:25:11]} d6 {[%clk 1:29:43]} 5. Nf3 {[%clk 1:23:42]} Qxe4+
{[%clk 1:29:09]} 6. Be2 {[%clk 1:23:50]} Qc6 {[%clk 1:24:58]} 7. Nc3
{[%clk 1:12:08]} a6 {[%clk 1:25:17]} 8. d5 {[%clk 1:11:10]} Qd7 {[%clk 1:25:04]}
9. h3 {[%clk 1:09:10]} Be7 {[%clk 1:24:29]} 10. O-O {[%clk 1:03:41]} O-O
{[%clk 1:23:54]} 11. Bd3 {[%clk 1:00:47]} b6 {[%clk 1:21:47]} 12. Ne2
{[%clk 0:57:30]} Bb7 {[%clk 1:21:33]} 13. c4 {[%clk 0:56:46]} c6 {[%clk 1:21:21]}
14. Nc3 {[%clk 0:40:59]} a5 {[%clk 1:15:34]} 15. Re1 {[%clk 0:37:12]} Re8
{[%clk 1:13:55]} 16. Be3 {[%clk 0:32:47]} Qc7 {[%clk 1:08:15]} 17. Qb3
{[%clk 0:24:06]} Nbd7 {[%clk 1:08:21]} 18. Na4 {[%clk 0:23:30]} Nc5
{[%clk 1:03:52]} 19. Bxc5 {[%clk 0:21:11]} bxc5 {[%clk 1:04:01]} 20. Nc3
{[%clk 0:19:39]} cxd5 {[%clk 0:59:46]} 21. Nxd5 {[%clk 0:19:47]} Nxd5
{[%clk 1:00:08]} 22. cxd5 {[%clk 0:20:12]} Reb8 {[%clk 1:00:28]} 23. Qc4
{[%clk 0:17:35]} Ba6 {[%clk 1:00:32]} 24. Bxh7+ {[%clk 0:17:40]} Kxh7
{[%clk 0:59:07]} 25. Qe4+ {[%clk 0:18:01]} Kg8 {[%clk 0:57:37]} 26. Qxe7
{[%clk 0:17:54]} Qb6 {[%clk 0:55:30]} 27. Ng5 {[%clk 0:17:47]} Rf8
{[%clk 0:55:39]} 28. b3 Ra7 {[%clk 0:54:48]} 29. Qe4 {[%clk 0:17:04]} g6
{[%clk 0:54:23]} 30. Qh4 {[%clk 0:16:32]} f6 {[%clk 0:53:06]} 31. Ne6
{[%clk 0:15:02]} Rff7 {[%clk 0:53:22]} 32. Re3 {[%clk 0:14:35]} Qb4
{[%clk 0:53:18]} 33. Qh6 {[%clk 0:14:16]} Rg7 {[%clk 0:52:18]} 34. Nxg7
{[%clk 0:14:31]} Rxg7 {[%clk 0:52:41]} 35. Re8+ {[%clk 0:14:24]} Kf7 36. Rae1
{[%clk 0:14:37]} 1-0

[Event "MSR_ch20"]
[Site "?"]
[Date "2024.04.10"]
[Round "7.19"]
[White "Mitas, Daniel"]
[Black "Filo, David"]
[Result "1/2-1/2"]
[BlackElo "1837"]
[WhiteElo "1614"]
[LiveChessVersion "1.4.8"]

1. d4 {[%clk 1:30:57]} d5 {[%clk 1:30:53]} 2. c4 {[%clk 1:31:25]} e6
{[%clk 1:31:16]} 3. Nc3 {[%clk 1:31:51]} Nf6 {[%clk 1:31:40]} 4. cxd5
{[%clk 1:32:02]} exd5 {[%clk 1:32:04]} 5. Bg5 {[%clk 1:32:14]} c6
{[%clk 1:32:22]} 6. e3 {[%clk 1:29:08]} Be7 {[%clk 1:32:45]} 7. Bd3
{[%clk 1:28:55]} O-O {[%clk 1:32:58]} 8. h3 {[%clk 1:27:37]} Nbd7
{[%clk 1:30:30]} 9. Nf3 {[%clk 1:25:23]} Re8 {[%clk 1:28:09]} 10. O-O
{[%clk 1:25:20]} Nf8 {[%clk 1:25:21]} 11. Qc2 {[%clk 1:17:18]} g6
{[%clk 1:22:13]} 12. Rab1 {[%clk 1:10:19]} Ne6 {[%clk 1:18:11]} 13. Bh4
{[%clk 1:07:01]} Ng7 {[%clk 1:15:57]} 14. b4 {[%clk 1:04:16]} a6 {[%clk 1:12:53]}
15. a4 {[%clk 0:59:06]} Bf5 {[%clk 1:07:18]} 16. a5 {[%clk 0:53:14]} Bxd3
{[%clk 0:59:40]} 17. Qxd3 {[%clk 0:53:25]} Nf5 {[%clk 0:59:10]} 18. Bxf6
{[%clk 0:44:22]} Bxf6 {[%clk 0:59:19]} 19. Na4 {[%clk 0:43:57]} Nd6
{[%clk 0:50:20]} 20. Rfc1 {[%clk 0:37:02]} Ne4 {[%clk 0:38:00]} 21. Nd2
{[%clk 0:29:57]} Nxd2 {[%clk 0:30:37]} 22. Qxd2 {[%clk 0:30:20]} Be7
{[%clk 0:30:24]} 23. Nb6 {[%clk 0:28:13]} Rb8 {[%clk 0:30:03]} 24. Qe2
{[%clk 0:27:13]} Bd6 {[%clk 0:29:02]} 25. Qf3 {[%clk 0:23:24]} Qe7
{[%clk 0:27:04]} 26. Rc2 {[%clk 0:21:11]} Kg7 {[%clk 0:23:13]} 27. g4
{[%clk 0:18:08]} Rf8 {[%clk 0:20:46]} 28. Kf1 {[%clk 0:13:58]} f5
{[%clk 0:18:34]} 29. Ke1 {[%clk 0:11:55]} f4 {[%clk 0:12:03]} 30. Re2
{[%clk 0:08:56]} Bxb4+ {[%clk 0:11:48]} 31. Kd1 {[%clk 0:08:47]} Rbe8
{[%clk 0:07:04]} 32. exf4 {[%clk 0:06:42]} Qxe2+ {[%clk 0:06:51]} 33. Qxe2
{[%clk 0:07:05]} Rxe2 {[%clk 0:07:16]} 34. Kxe2 {[%clk 0:07:27]} Re8+
{[%clk 0:07:22]} 35. Kd3 {[%clk 0:06:30]} Bxa5 {[%clk 0:07:30]} 36. Nd7
{[%clk 0:06:57]} Re7 {[%clk 0:04:29]} 37. Rxb7 {[%clk 0:06:54]} Be1
{[%clk 0:04:05]} 38. f5 {[%clk 0:06:58]} gxf5 {[%clk 0:03:42]} 39. gxf5
{[%clk 0:07:23]} Kh6 {[%clk 0:00:35]} 40. f6 {[%clk 0:05:33]} Rf7
{[%clk 0:00:40]} 41. Ke2 {[%clk 0:29:42]} Bc3 {[%clk 0:30:08]} 42. Kd3
{[%clk 0:28:00]} Be1 {[%clk 0:30:04]} 43. Ke2 {[%clk 0:27:51]} Bc3
{[%clk 0:19:24]} 1/2-1/2